Edward De Bono's masterthinker's hand book: A guide to innovative thinking (Record no. 1390767)

MARC details
000 -LEADER
fixed length control field 00617nam a2200217Ia 4500
005 - DATE AND TIME OF LATEST TRANSACTION
control field 20250508164725.0
008 - FIXED-LENGTH DATA ELEMENTS--GENERAL INFORMATION
fixed length control field 008 250505s9999 xx 000 0 eng d
020 ## - INTERNATIONAL STANDARD BOOK NUMBER
International Standard Book Number 0 86806 207 9
037 ## - SOURCE OF ACQUISITION
Stock number Textual
040 ## - CATALOGING SOURCE
Original cataloging agency FEDL
Language of cataloging eng
Transcribing agency FEDL
041 ## - LANGUAGE CODE
Language code of text/sound track or separate title eng
Source of code eng
084 ## - COLON CLASSIFICATION NUMBER
Classification number 153.42, DEB
Assigning agency FEDL
100 ## - MAIN ENTRY--PERSONAL NAME
Personal name De Bono Edward
9 (RLIN) 277537
245 #0 - TITLE STATEMENT
Title Edward De Bono's masterthinker's hand book: A guide to innovative thinking
260 ## - PUBLICATION, DISTRIBUTION, ETC.
Place of publication, distribution, etc. London, UK
Name of publisher, distributor, etc. Penguin Books
Date of publication, distribution, etc. 1985
300 ## - PHYSICAL DESCRIPTION
Extent 150p.
365 ## - TRADE PRICE
Price type code GBP
Price amount 6.99
546 ## - LANGUAGE NOTE
Language note MACESE
942 ## - ADDED ENTRY ELEMENTS (KOHA)
Koha item type Textual
Classification part 153.42, DEB
Holdings
Withdrawn status Lost status Damaged status Not for loan Home library Current library Date acquired Cost, normal purchase price Total Checkouts Full call number Barcode Date last seen Price effective from Koha item type
        Department of Education Library Department of Education Library 2025-05-08 6.99   153.42, DEB EL0084393 2025-05-08 2025-05-08 Textual
Copyright @ Delhi University Library System